Brand Experience (Record no. 2167)

MARC details
000 -LEADER
fixed length control field 00328nam a22001577a 4500
005 - DATE AND TIME OF LATEST TRANSACTION
control field 20160530141340.0
008 - FIXED-LENGTH DATA ELEMENTS--GENERAL INFORMATION
fixed length control field 160530b xxu||||| |||| 00| 0 eng d
041 ## - LANGUAGE CODE
Language code of text/sound track or separate title eng
082 ## - DEWEY DECIMAL CLASSIFICATION NUMBER
Item number 6073
100 ## - MAIN ENTRY--AUTHOR NAME
Personal name RC & M
245 ## - TITLE STATEMENT
Title Brand Experience
260 ## - PUBLICATION, DISTRIBUTION, ETC. (IMPRINT)
Year of publication 2007
300 ## - PHYSICAL DESCRIPTION
Number of Pages 3
650 ## - SUBJECT ADDED ENTRY--TOPICAL TERM
Topical Term Management
942 ## - ADDED ENTRY ELEMENTS (KOHA)
Koha item type Books
Holdings
Lost status Damaged status Collection code Home library Current library Shelving location Date acquired Full call number Accession Number Koha item type
    MANAGEMENT JRU Library JRU Library SHELF- 67 L 30/05/2016 6073 6073 Books